درر الأحكام في شرح أركان الإسلام / (رقم التسجيلة. 94932)

تفاصيل مارك
000 -الفاتح
عناصر البيانات ثابتة الطول 00739cam a2200181 i 4500
005 - تاريخ ووقت آخر معاملة
حقل ضبط 20251116122105.0
008 - عناصر البيانات ثابتة الطول
عناصر البيانات ثابتة الطول 250721s2000 sy gr 000 0 ara d
082 14 - رقم تصنيف ديوي العشري
رقم التصنيف 210
رقم المادة ش ي خ
100 1# - مدخل رئيسي – اسم شخصي
الاسم الشخصي شيخو، محمد أمين
علاقة الشخص بالعمل/ دوره مؤلف.
245 10 - بيان العنوان
العنوان درر الأحكام في شرح أركان الإسلام /
بيان المسؤولية فضيلة العلامة الكبير محمد أمين شيخو ؛ جمعه وحققه المربي الأستاذ عبد القادر يحيى الشهير بالديراني.
264 31 - بيانات النشر، التوزيع…إلخ
مكان النشر، التوزيع...إلخ دمشق :
اسم الناشر، الموزع...إلخ نور البشير،
تاريخ النشر، التوزيع...إلخ 2000.
300 ## - الوصف المادي
عدد الوحدات المكونة للوعاء 195 صفحة.
650 17 - مدخل إضافي بالموضوع - مصطلح موضوعي
مصطلح موضوعي أو اسم جغرافي كعنصر مدخل الإسلام.
650 17 - مدخل إضافي بالموضوع - مصطلح موضوعي
مصطلح موضوعي أو اسم جغرافي كعنصر مدخل أركان الإسلام.
650 17 - مدخل إضافي بالموضوع - مصطلح موضوعي
مصطلح موضوعي أو اسم جغرافي كعنصر مدخل الإيمان.
942 ## - بيانات إضافية (كوها)
نوع التنصيف Dewey Decimal Classification
نوع المادة (كوها) كتب
المقتنيات
حالة السحب حالة الفقدان مصدر التصنيف حالة التلف غير قابل للإعارة المكتبة الرئيسية المكتبة الحالية موقع الرف تاريخ التزويد الرقم المتسلسل Total Checkouts رقم الإستدعاء الباركود تاريخ آخر ظهور تاريخ الفاتورة نوع المادة (كوها)
    Dewey Decimal Classification     المكتبة المركزية المكتبة المركزية الإعارة 28/07/2025 652732   210 / ش ي خ 652732 28/07/2025 28/07/2025 كتب
    Dewey Decimal Classification     مكتبة أبو علندا العامة مكتبة أبو علندا العامة الإعارة 28/07/2025 652740   210/شيخ 652740 28/07/2025 28/07/2025 كتب
    Dewey Decimal Classification     مكتبة الأميرة ايمان العامة مكتبة الأميرة ايمان العامة الإعارة 28/07/2025 652737   210/شيخ 652737 28/07/2025 28/07/2025 كتب
    Dewey Decimal Classification     مكتبة الحسن العامة مكتبة الحسن العامة الإعارة 28/07/2025 652738   210/شيخ 652738 28/07/2025 28/07/2025 كتب
    Dewey Decimal Classification     مكتبة حمزة العامة مكتبة حمزة العامة الإعارة 28/07/2025 652739   210/شيخ 652739 28/07/2025 28/07/2025 كتب
Implemented & Customized by: BBB with SCIT (Smart Chains for Information Technology)

Powered by Koha